000 00794am a2200301a 44500
003 AR-BaBNM
005 20251128211010.0
008 200607s2001 Arg|||||||||||000 | esp||
020 _a950-12-6522-6
040 _cAR-BaBNM
100 1 _aGiunta, Andrea
245 1 0 _aVanguardia, internacionalismo y política
_barte argentino en los años sesenta
260 _aBuenos Aires
_bPaidós
_c2001
300 _a412 p.
490 0 _aEspacios del saber
_vv. 22
650 4 _aHISTORIA ARGENTINA
650 4 _aARTE DE VANGUARDIA
650 4 _aHISTORIA POLITICA
650 4 _aSIGLO VEINTE
650 4 _aPINTORES
650 4 _aARTE CONTEMPORANEO
650 4 _aMUSEOS
650 4 _aINTERNACIONALISMO
653 _aPERONISMO
653 _aMODERNISMO
942 _cBK
998 _cmariana
999 _c17821
_d17821